| 000 | 00000nam##2200000za#4500 |
| 001 | 9.570199 |
| 003 | CaOODSP |
| 005 | 20210624182128 |
| 007 | cr ||||||||||| |
| 008 | 150406|2005||||xxc|||||o f|0| 0 eng|d |
| 040 | |aCaOODSP|beng |
| 043 | |an-cn--- |
| 086 | 1 |aNH18-1-2/176-2005E-PDF |
| 110 | 2 |aCanada Mortgage and Housing Corporation. |
| 245 | 10|aEvaluation of water-efficient toilet technologies to carry waste in drainlines : |h[electronic resource]|bfinal report / |cby Bill Gauley and John Koeller. |
| 246 | 1 |iAdditional title (within publication) : |aMaximum performance testing of popular water-efficient toilet models |
| 250 | |aRev. April 1, 2005 |
| 260 | |aOttawa - Ontario : |bCanada Mortgage and Housing Corporation |cMarch 2005. |
| 300 | |a53p.|bfigs. (some coloured), graphs, tables, photographs |
| 490 | 1 |aResearch report |
| 500 | |aIncludes: Research highlights (Technical series 04-109, May 2004) under the title "Maximum performance testing of popular water-efficient toilet models". |
| 546 | |a(Résumé en français.) |
| 590 | |a11-26-Supp|b2011-11-03 |
| 720 | 1 |aGauley, Bill |
| 720 | 1 |aKoeller, John |
| 830 | #0|aResearch report (Canada Mortgage and Housing Corporation : Online)|w(CaOODSP)9.506068 |
| 856 | 40|ahttp://publications.gc.ca|qPDF|s1.76 MB|uhttps://publications.gc.ca/collections/collection_2011/schl-cmhc/nh18-1-2/NH18-1-2-176-2005-eng.pdf |